000 00226nam a22000857a 4500
008 160805b xxu||||| |||| 00| 0 eng d
100 _949
_aJain G
245 _aIndian Famous Personalities
260 _aNew Delhi
_bTEP Publication
_c2009
999 _c2701
_d2701